Statistics for English-Speaking Countries of Africa

Click here to take the quiz!

General Stats

  • This quiz has been taken 980 times
    (942 since last reset)
  • The average score is 15 of 20

Answer Stats

Country% Correct
South Africa
97%
Nigeria
90%
Kenya
86%
Zimbabwe
83%
Ghana
82%
Zambia
81%
Uganda
79%
Botswana
78%
Namibia
78%
Lesotho
77%
Eswatini
74%
Rwanda
74%
Sudan
73%
South Sudan
71%
Liberia
70%
Gambia
66%
Malawi
66%
Cameroon
64%
Sierra Leone
63%
Seychelles
59%

Score Distribution

Percentile by Number Answered

Percent of People with Each Score

Your Score History

You have not taken this quiz since the last reset